000 00653cab a22001935a 4500
001 L159836
008 150113e2017 xxk 000 0 eng d
035 _a(Sirsi) u159836
041 0 _aeng
100 1 _aCharlesworth, Alex
245 0 0 _aVariety act
_h[electronic resource]
260 _aLondon
_bRICS
_c2017
490 _aRICS Building Surveying Journal
_vOctober - November 2017, 10-11 (2)
520 _aDescribes the many different career paths in building surveying, with help from fellow members of the professional group board.
650 2 4 _aBuilding surveying
_96225
650 2 4 _aABOUT RICS
651 4 _aUnited Kingdom
_y
942 _n0
_2ddc
999 _c85002
_d85002